02258 a2200253 45000010006000000050017000060080041000230030015000640400040000790800035001192450055001540200022002092500011002312640034002423000019002765051397002951000021016927000022017137000033017357000029017687000035017977000032018328560140018642630720260407155543.0260407a2006 arg spa dAR-UNSa-BCEJYS aAR-UNSa-BCEJYSbspacAR-UNSa-BCEJYS a330.4xEconomía matemática10aMétodos fundamentales de economía matemática a978-970-10-5614-1 a4a. ed 1aMéxico :bMcGraw-Hillc2006 a687 p.c24 cm. aParte I: Introducción : 1. La naturaleza de la economía matemática - 2. Modelos económicos - Parte II : Análisis estático( o de equilibrio): 3. Análisis de equilibrio en la economía - 4. Modelos lineales y álgebra de matrices - 5. Modelos lineales y álgebra de matrices(continuación) - Parte III : Análisis estático-comparativo : 6. Estática comparativa y el concepto de derivadas - 7. Reglas de diferenciación y su uso en la estática comparativa - 8. Análisis estático comparativo de modelos con funciones generales - Parte IV : Problemas de optimización : 9. Optimización: una variedad especial del análisis de equilibrio - 10. Funciones exponenciales y logarítmicas - 11. El caso de más de una variable de elección - 12. Optimización con resticciones de igualdad - 13. Temas adicionales de optimización - Parte V : Análisis dinámico: 14. La dínamica económica y cálculo integral - 14. Tiempo continuo: ecuaciones diferenciales de primer orden - 15. Tiempo continuo : ecuaciones en diferencias de primer orden - 16. Ecuaciones diferenciales de orden superior - 17. Tiempo discreto: ecuaciones en diferencias de primer orden - 17. Ecuaciones en diferencia de primer orden - 18. Ecuaciones en diferencias de orden superior - 19. Ecuaciones diferenciales y ecuaciones en diferencias simultáneas - 20. Teoría de control óptimo1 aChiang, Alpha C.1 aWainwright, Kevin1 aSánchez Fragoso, Francisco1 aArrioja Juárez, Raúl1 aGonzález Nucamendi, Andrés1 aLéon Cázares, Filadelfo41uhttps://biblioeco.unsa.edu.ar/pmb/images/libros/Metodos fundamentales de economia matematica-l116678.jpgyImagen de portadaqimage/jpeg